Principles Of Instrumental Analysis (Record no. 292075)
[ view plain ]
| 000 -LEADER | |
|---|---|
| fixed length control field | 00461nam a2200169Ia 4500 |
| 008 - FIXED-LENGTH DATA ELEMENTS--GENERAL INFORMATION | |
| fixed length control field | 230718s9999 xx 000 0 und d |
| 041 ## - LANGUAGE CODE | |
| Language code of text/sound track or separate title | eng |
| 082 ## - DEWEY DECIMAL CLASSIFICATION NUMBER | |
| Classification number | 543.08 |
| Item number | SKO |
| 100 ## - MAIN ENTRY--PERSONAL NAME | |
| Personal name | Skoog D.A. |
| 245 ## - TITLE STATEMENT | |
| Title | Principles Of Instrumental Analysis |
| 250 ## - EDITION STATEMENT | |
| Edition statement | 3rd ed. |
| 260 ## - PUBLICATION, DISTRIBUTION, ETC. (IMPRINT) | |
| Date of publication, distribution, etc. | 1984 |
| Name of publisher, distributor, etc. | Saunders College Publication |
| 300 ## - PHYSICAL DESCRIPTION | |
| Extent | 928 |
| 365 ## - TRADE PRICE | |
| Currency code | Rs. |
| Price amount | 690.00 |
| 700 ## - ADDED ENTRY--PERSONAL NAME | |
| Personal name | Skoog D.A., Holler F.J. & Nieman T.A. |
| 906 ## - LOCAL DATA ELEMENT F, LDF (RLIN) | |
| d | B:41813-Feb-1994 |
| c | INST |
| b | 103.5 |
| Withdrawn status | Lost status | Damaged status | Not for loan | Home library | Current library | Date acquired | Vendor | Budget Code | Cost, normal purchase price | Bill number | Total Checkouts | Full call number | Barcode | Date last seen | Discount | Cost, replacement price | Bill Date | Koha item type | Original Barcode |
|---|---|---|---|---|---|---|---|---|---|---|---|---|---|---|---|---|---|---|---|
| Cummins College of Engineering for Women Pune | Cummins College of Engineering for Women Pune | 03/03/1994 | Pradeep Book Distributors | INST | 586.50 | 418 | 543.08 | CCEP-BK-3176 | 18/07/2023 | 103.5 | 690.00 | 13/02/1994 | Books | 003176 |